Historical Figure Poems by Artificial Intelligence - Statistics

General Stats
  • This quiz has been taken 76 times
  • The average score is 11 of 14
Answer Stats
Hint Answer % Correct
A man with wild hair, and brilliant mindUnveiled mysteries, hard to find. He bent the rules, of time and space, For the future, and the human race. Albert Einstein
94%
A queen in a palace, in a land of kings,With a powdered wig and fancy rings. But wealth and cake! Her downfall led To the guillotine, off with her head. Marie Antoinette
93%
A boxer so quick, he moved like a dream,Fists like a hammer, his style supreme. He floated like a butterfly, stung like a bee, Champion forever, a true sight to see. Muhammad Ali
91%
A Roman ruler with a grand parade,Conquered lands, with mighty blade. He crossed a river, a treasonous leap. A fateful step, his fate to reap. Julius Caesar
90%
A sailor so brave, to the west he did steer,Through unknown seas, with courage and cheer.
His journey brought change, killing and trade, A complex figure, a legacy to be weighed.
Christopher Columbus
85%
A man in power, with secrets deep,His downfall came, with lies to keep. A scandal broke, and he was caught, The gates of office, forever shut. Richard Nixon
85%
With laws of motion, he did explain,The way the world and planets maintain, His work in optics bright did shine, And calculus, a new math did he define. Isaac Newton
84%
A leader divine, through sand and seaLed his people, so they can be free. With plagues as proof, and the sea split wide, He paved the way, for a new nation's pride. Moses
82%
An artist renowned, who broke all conventionsA master of of his craft, with cubist inventions. From the Blue to the Rose, his styles evolved, And meanings surreal; can they be solved? Pablo Picasso
81%
A leader so fierce, with iron in hand,She ruled with conviction, a changing land. She took on the unions, and changed the game, Her legacy is the economy, an indelible name. Margaret Thatcher
75%
A leader new, with change in mind,A nation's fate, he would unwind. Reforms he made, the end of an era, His legacy: The Cold War's over. Mikhail Gorbachev
69%
A star so bright, with beauty rare,Her fame, a flame, beyond compare. But fame came with a heavy cost, Her candle flickered, and was lost. Marilyn Monroe
66%
In skies of war, he ruled the fight,His enemies would take to flight, With 80 kills, a record high, He became a legend of the sky. Red Baron
53%
A crooner cool, a tune so neat,His fame too short, a loss complete. The music died, he took his leave, The music lovers forever grieve. Buddy Holly
40%
No matching quizzes found
Score Distribution
Percent of People with Each Score
Percentile by Number Answered
Your Score History
You have not taken this quiz